000 01540nam a2200229Ia 4500
003 Ost
005 20260507075004.0
008 260507s9999||||xx |||||||||||||| ||und||
020 _a9789957117269
040 _cfsecg
041 _aara
082 _a332.6
100 _aالشواوره، محمود
_eمؤلف
245 0 _aالإستثمار في بورصة الأوراق المالية :
_bالأسس النظرية والعلمية /
_c محمود الشواوره
260 _aعمان:
_bدار وائل للنشر والتوزيع,
_c2008
300 _a467 صفحة؛
_c24 سم
520 _aيتناول الكتاب 7 فصول تضم فلسفة وصفات ومرتكزات ومسؤوليات ومستويات بورصة الاوراق المالية والمعلومات الملائمه للاستثمار والتعريف بالأوراق المالية والسندات والاسهم ونبذة عامة عن بورصة عمان وبيئة الاستثمار في الأردن والمنطلقات الفكرية للدراسة التطبيقية والمشاكل والفرضيات التي تواجه الدراسات وتقويم الاسعار السوقية والكفاءة في توزيع الموارد المتاحة بين القطاعات وغيرها من الموضوعات المتعلقة بالسوق المالي ورأس المال والسيولة والتداول.
653 _aالإستثمار
653 _aالأوراق المالية
653 _aالبورصات
942 _cكتاب
999 _c42101
_d42101